000 00904nam a22002057a 4500
999 _c17939
_d17939
003 BDDh-ASL
005 20231015025647.0
008 200915b1977 ||||| |||| 00| 0 d
040 _aBDDh-ASL
_cBDDh-ASL
_dBDDh-ASL
041 _abengali
082 _a297
_bSHI
100 _9760
_aশহীদ, সাইয়েদ কুতুব
245 1 _aইসলামী সমাজ বিপ্লবের ধারা/
_cসাইয়েদ কুতুব শহীদ; আবদুল খালেক (অনু.)
246 _aIslami Samaj Biplaber Dhara.
260 _aঢাকা:
_bআধুনিক প্রকাশনী,
_c১৯৭৭।
300 _a২৩৪ পৃষ্ঠা:
_cসে. মি.।
650 0 _9761
_aইসলামী সমাজ বিপ্লব
_xইসলাম ধর্ম
700 _9762
_aখালেক, আবদুল
942 _2ddc
_cBK